000 00782nam a2200217Ia 4500
999 _c35693
_d35693
003 GCL
005 20240530102946.0
008 140319s9999 xx 000 0 ara d
040 _aGCL /
_cGCL
082 0 4 _a791.43
_bم ع
100 0 _aمرى ، ادوارد
245 1 0 _aعن النقد السينمائى الامريكى /
_cتأليف ادوارد مرى ؛ ترجمة جرجس الرشيدى
260 _aالقاهرة :
_bالهيئة المصرية العامة للكتاب ،
_c1993 .
300 _a276 ص
490 _aالالف كتاب الثانى
_v0
650 0 4 _aالولايات المتحدة الامريكية
650 0 4 _aالافلام السينمائية
650 0 4 _aالسينما
700 1 _aجرجس الرشيدى
942 _2ddc
_cBK